| 000 | 00674na a2200205 4500 | ||
|---|---|---|---|
| 001 | 15935 | ||
| 003 | MIRAKIL | ||
| 005 | 20181213154914.0 | ||
| 008 | 160927b tu 000 0 | ||
| 040 |
_aMilas _btur _cTR-AnCHP |
||
| 082 |
_a328.561 _bT15a [1947?] |
||
| 090 | _a328.561 T15a [1947?] | ||
| 110 | _aTürkiye Büyük Millet Meclisi (TBMM) | ||
| 245 |
_aAlbüm _bDönem: VIII toplantı: 1 1 Kasım 1946 _cTürkiye Büyük Millet Meclisi (TBMM) |
||
| 246 | _aDönem: VIII toplantı: 1 1 Kasım 1946 | ||
| 260 |
_aAnkara _bTürkiye Büyük Millet Meclisi (TBMM) _c[1947?] |
||
| 300 |
_a117 s. _bfotğ. _c17 sm. |
||
| 610 |
_aTBMM _xAlbümler _y1946 |
||
| 942 |
_2ddc _cBKS |
||
| 999 |
_c2947 _d2947 |
||